LEADER 01526nam a2200349 u 4500 001 000000052249 003 CaOOAMICUS 005 20070226115428.0 008 001012s1957 it u000 u ita u 035 $a10858009 040 $aPUL(R)$bita 041 1 $aita$hgrc 100 0 $aHippocrates,$dc. 460-370 a.C.$0(OLS)http://pul/name/15759 240 10$aGruppi, scelte$9(Hippocrates, c. 460-370 a.C.).$0(OLS)http://pul/title/70087 245 10$aDell'aria, delle acque, dei luoghi, il giuramento, la legge /$cIppocrate ; a cura di Linda Untersteiner Candia. 246 35$aPeri Aeron, Ydaton, Topon, Orkoe, Nomos 260 $aFirenze :$bFussi,$c1957. 300 $a184 p. ;$c17 cm 490 1 $aIl melagrano ;$v171-173 500 $aTesto a fronte in lingua greca. 504 $aBibliografia: p. 183-184. 700 1 $aUntersteiner Candia, Linda.$0(OLS)http://pul/name/24389 830 3$aIl melagrano ;$v171-173.$0(OLS)http://pul/title/9155 850 $aPUL 852 $aPUL$W1$xDP1 Fondo Ciprotti$y59$m1546 B 44$j69102$nBK-PRI$b $qFondi$B69102$CPULBib$Z2$F69102 $H $81 900 $aIppocrate,$dc. 460-370 a.C.$915759 900 $aHippokrates,$dc. 460-370 a.C.$915759 941 1 $a1 961 $aINV: F.CIPROTTI 996 $6245$aDell'aria, delle acque, dei luoghi, il giuramento, la legge$9(OLS)http://pul/title/70088 996 $6246$aPeri Aeron, Ydaton, Topon, Orkoe, Nomos$9(OLS)http://pul/title/70089 996 $6260$aFirenze :$bFussi$9(OLS)http://pul/publisher/51190 LEADER 01326nam a2200301 u 4500 001 000000079085 003 CaOOAMICUS 005 20070226123512.0 008 040525s1982 sz a u000 u ger u 020 $a3720399966 035 $a10996651 040 $aPUL$bita 041 0 $aita$aheb 100 1 $aJaro?, Karl,$d1944-$0(OLS)http://pul/name/52688 245 10$aHundert Inschriften aus Kanaan und Israel :$bfür den Hebräischunterricht bearbeitet /$cKarl Jaros. 260 $aFreiburg (Schweiz) :$bSchweizerisches Katholisches Bibelwerk,$c1982. 300 $a120 p. :$bill ;$c23 cm 490 1 $aBiblische Beiträge 500 $aContiene indici. 504 $aBibliografia in nota. 650 4$aLingua ebraica biblica.$0(OLS)http://pul/subject/14997 830 0$aBiblische Beiträge.$0(OLS)http://pul/title/44669 850 $aPUL 852 $aPUL$W1$xSL Cons. Gen., Altre Classi 3$y75$m933 JARKA 1$j101286$nBK-PRI$qDDC 21$B101286$CPULBib$Z2$F101286 $HPUL88453 $82 941 1 $a9 996 $6020$a3720399966$9(OLS)http://pul/number/103787 996 $6245$aHundert Inschriften aus Kanaan und Israel :$bfür den Hebräischunterricht bearbeitet$9(OLS)http://pul/title/103527 996 $6260$aFreiburg (Schweiz) :$bSchweizerisches Katholisches Bibelwerk$9(OLS)http://pul/publisher/75550